000 00548cam a2200205 4500
008 090401t1987 xxu||||| |||| 00| 0 eng d
020 _a085125246X
035 _a(Sirsi) u12383
041 _aeng
050 _a614.76
100 _aCrowhurst, D.
245 _aMeasurement of gas emissions from contaminated land
260 _aBorehamwood, Herts
_bBuilding Research Establishment
_c1987
300 _aiv,25p. : ill. ; 30cm.
350 _a8
650 _aDERELICT LAND
650 _aSITE INVESTIGATION
942 _n0
948 _c04/03/1997
999 _c86985
_d86985